000 00589nam a2200241Ia 4500
003 OSt
005 20221005124240.0
006 a|||||r|||| 00| 0
007 ta
008 221004b |||||||| |||| 00| 0 tam d
024 _a47125
037 _cTextual
040 _aCRL
_cCRL
_btam
041 _2tam
_atam
082 _aNR441,41, 31J8
100 _aRajan Adi
_9634919
245 0 _aMiruthanka swara bothini
260 _c1968
300 _a64
_ccm.
650 _aMUSIC
_917402
942 _hNR441,41, 31J8
_cTEXL
_2cc
999 _c1049881
_d1049881